| Поле | Инд. | ПП | Название | Значение |
|---|---|---|---|---|
| Тип записи | a | |||
| Библиографический уровень | m | |||
| 001 | Контрольный номер | 7582bd6d-1094-4bf6-a339-0a5b58cc412c | ||
| 005 | Дата корректировки | 20210407105303.2 | ||
| 008 | Кодируемые данные | 051129 | ||
| 020 | a | ISBN | 5-93264-026-X | |
| c | Цена, тираж | 707.51 | ||
| 040 | a | Служба первич. каталог. | НБ ТвГУ | |
| 041 | 0_ | a | Код языка текста | rus |
| 080 | a | Индекс УДК | 82(031) | |
| 084 | a | Индекс другой классификации/Индекс ББК | Ш4я20 | |
| 090 | x | Авторский знак | Л64 | |
| a | Полочн. индекс | Ш4я20 | ||
| 245 | 10 | a | Заглавие | Литературная энциклопедия терминов и понятий |
| c | Ответственность | Рос. акад наук, Ин-т науч. информации по обществ. наукам ; [гл. ред., сост. А. Н. Николюкин]. | ||
| 260 | 0_ | a | Место издания | Москва |
| b | Издательство | Интелвак | ||
| c | Дата издания | 2003 | ||
| 300 | a | Объем | 1596 стб. | |
| 504 | a | Библиография | Библиогр.: с. 9 и в конце ст. | |
| 583 | a | Действие | Получение впервые 373 28.11.2005 | |
| k | Исполнитель действия | ОАО "БИБКОМ" | ||
| 650 | 04 | a | Основная рубрика | Литературоведение |
| x | Основная подрубрика | Терминология | ||
| x | Основная подрубрика | Терминологические словари | ||
| 650 | 04 | a | Основная рубрика | Литература |
| x | Основная подрубрика | Энциклопедии | ||
| 653 | 0_ | a | Ключевые слова | Литературоведение |
| a | Ключевые слова | Литературоведческие термины | ||
| a | Ключевые слова | Литература | ||
| a | Ключевые слова | Литературные термины | ||
| a | Ключевые слова | Литературные энциклопедии | ||
| a | Ключевые слова | Литературоведческие энциклопедии | ||
| a | Ключевые слова | Терминологические словари | ||
| 700 | 1_ | a | Другие авторы | Николюкин Александр Николаевич |
| e | Роль лиц | ред. | ||
| 852 | 41 | t | Порядковый номер экземпляра | 1 |
| p | Инвентарный номер | 826975 | ||
| 888 | a | За счет средств университета | ||
| 901 | t | Тип документа | m | |
| 930 | a | Новая/Ретро | энциклопедии | |
| 952 | p | 373.2005 707.51 1 826975 | ||
| c | Вид литературы | К рнс | ||
| 954 | a | Дата поступления на обработку | 20051201 | |
| 999 | a | Подразделение 2 | ч.з. |